<?xml version="1.0" encoding="UTF-8"?>
<collection xmlns:xsi="http://www.w3.org/2001/XMLSchema-instance" xsi:schemaLocation="http://www.loc.gov/MARC21/slim http://www.loc.gov/standards/marcxml/schema/MARC21slim.xsd" xmlns="http://www.loc.gov/MARC21/slim">
 <record>
  <leader>00000ctm a22000004a 4500</leader>
  <controlfield tag="001">UP-8027390931312570088</controlfield>
  <controlfield tag="003">Buklod</controlfield>
  <controlfield tag="005">20240315092644.0</controlfield>
  <controlfield tag="006">o--- |     ||   ||</controlfield>
  <controlfield tag="007">ta</controlfield>
  <controlfield tag="008">240315s2022    xx     d     r    |||| u|</controlfield>
  <datafield tag="035" ind1=" " ind2=" ">
   <subfield code="a">(iLib)UPCEB-00012909759</subfield>
  </datafield>
  <datafield tag="040" ind1=" " ind2=" ">
   <subfield code="a">UPC</subfield>
  </datafield>
  <datafield tag="041" ind1=" " ind2=" ">
   <subfield code="a">eng</subfield>
  </datafield>
  <datafield tag="090" ind1=" " ind2="0">
   <subfield code="a">LG 993 2022 B4</subfield>
   <subfield code="b">R67</subfield>
  </datafield>
  <datafield tag="100" ind1="1" ind2=" ">
   <subfield code="a">Rosillosa, Kristina Rhean C.</subfield>
   <subfield code="e">author.</subfield>
  </datafield>
  <datafield tag="245" ind1="1" ind2="0">
   <subfield code="a">Global distribution of Tripos furca (EHRENB.) F. Gomez in present and future climate scenarios</subfield>
   <subfield code="c">Kristina Rhean C. Rosillosa; Thesis adviser, Brisneve Edullantes.</subfield>
  </datafield>
  <datafield tag="264" ind1=" " ind2="1">
   <subfield code="c">2022.</subfield>
  </datafield>
  <datafield tag="264" ind1=" " ind2="1">
   <subfield code="a">Cebu City, Cebu</subfield>
   <subfield code="b">Department of Biology and Environmental Science, College of Science, University of the Philippines Cebu</subfield>
   <subfield code="c">c2022.</subfield>
  </datafield>
  <datafield tag="300" ind1=" " ind2=" ">
   <subfield code="a">viii, 39 leaves</subfield>
   <subfield code="b">illustrations (some col.)</subfield>
  </datafield>
  <datafield tag="500" ind1=" " ind2=" ">
   <subfield code="a">Thesis (Bachelor of Science in Biology). University of the Philippines Cebu. June 2022.</subfield>
  </datafield>
  <datafield tag="506" ind1=" " ind2=" ">
   <subfield code="a">NOT available to the general public.</subfield>
  </datafield>
  <datafield tag="506" ind1=" " ind2=" ">
   <subfield code="a">Available only after consultation with author/ research adviser.</subfield>
  </datafield>
  <datafield tag="506" ind1=" " ind2=" ">
   <subfield code="a">Available only to those bound by confidentiality agreement.</subfield>
  </datafield>
  <datafield tag="520" ind1=" " ind2=" ">
   <subfield code="a">Anthropogenically-induced climate change has led to drastic changes in the marine ecosystem. Existing studies on phytoplankton response to climate change report detrimental implications such as reduced ecosystem services and harmful algal blooms (HABs). Some studies have applied ecological niche modeling (ENM) on marine phytoplankton to assess their response to climate change, mostly at the community-level. Species-specific ENMs on marine phytoplankton have only been applied to a few model species of coccolithophores and toxic dinoflagellates. Here, the study projects the current and future distribution of the cosmopolitan, non-toxic dinoflagellate Tripos furca. Species occurrence data and environmental variables were accessed from the open-source databases ? PhytoBase and Bio- ORACLE, respectively. Using the cleaned data, a presence-only Maxent model was developed. Suitability maps were produced to compare the present and future ecological niches of T. furca. The model predicted range contractions, especially in the subtropical and tropical waters in the Northern hemisphere, as well as a poleward shift in range over time. Increased occurrences of this dinoflagellate in the Arctic Ocean should be expected in the future. Suitability scores from the model projections were also classified into risks of bloom formation. In addition to overall habitat reduction, blooms of T. furca are less likely to occur in the future and expected to develop only in coastal waters of colder oceans. These results affirm previous phytoplankton modeling studies showing the shift of HABs and community composition from dinoflagellate to diatoms. More importantly, the model?s projections exhibit how a cosmopolitan dinoflagellate can be an effective subject in ENM studies on climate change.</subfield>
  </datafield>
  <datafield tag="700" ind1="0" ind2=" ">
   <subfield code="a">Edullantes, Brisneve.</subfield>
   <subfield code="e">Thesis adviser.</subfield>
  </datafield>
  <datafield tag="905" ind1=" " ind2=" ">
   <subfield code="a">UP</subfield>
  </datafield>
  <datafield tag="852" ind1="0" ind2=" ">
   <subfield code="a">UPCEB</subfield>
   <subfield code="b">CEBU-LAHUG</subfield>
   <subfield code="h">LG 993 2022 B4 R67</subfield>
  </datafield>
  <datafield tag="942" ind1=" " ind2=" ">
   <subfield code="a">Thesis</subfield>
  </datafield>
 </record>
</collection>
